| 000 | 00976nam a22003137a 4500 | ||
|---|---|---|---|
| 003 | CHAP | ||
| 005 | 20220329140427.0 | ||
| 008 | 971013s1942 r 00010 d | ||
| 010 | _a51795 | ||
| 011 | _a52767 | ||
| 035 | _a56917 | ||
| 040 | _cCHAP | ||
| 090 | _aFolleto 3798 | ||
| 100 | 0 | 0 |
_aWard, G. M. _9121042 |
| 245 | _aPhysiological studies with the tobacco plants | ||
| 260 |
_aOttawa : _bDepartment of Agriculture. Tobacco Division, _c1942 |
||
| 300 |
_a100 p. _b; láms. |
||
| 490 |
_aPublication _v; 729 |
||
| 590 |
_aBATCH-UPD _b10 _c20130110 _lUCH01 _h0825 |
||
| 590 |
_aBATCH-UPD _b10 _c20130410 _lUCH01 _h0503 |
||
| 590 |
_aBATCH-UPD _b10 _c20130914 _lUCH01 _h1946 |
||
| 590 |
_aCONVERSION _b10 _c20130109 _lUCH01 _h1328 |
||
| 650 | 1 | 4 |
_aTabaco _xAnálisis. _9111198 |
| 650 | 1 | 4 |
_aTabaco _xFisiología y morfología. _9111220 |
| 830 | 0 |
_aPublication _v; 729 _992792 |
|
| 901 | _aBK | ||
| 942 | _cFOLL | ||
| 949 |
_aFolleto 3798 _bBC _cFOLL _d-124071 _eTS1 _i56917 _mD _si |
||
| 999 |
_c51795 _d51795 |
||